LEADER 00588naa a2200145 i 4500 001 000000299209 003 CaOOAMICUS 005 20180831172639.0 008 180831n xx u000 u und u 013 $a6847 040 $aSeMil$bita 100 1 $aMarguerat, Daniel,$d<1943- >.$0(OLS)http://semarc/name/7099 245 10$aLuc-Actes :$bune unité ŕ construire. 773 0 $tUnity of Luke-Acts.$dLeuven : University Press, 1999.$kBibliotheca Ephemeridum Theologicarum Lovaniensium$z90-6186-955-2$z90-429-0762-2$w()71624 996 $6245$aLuc-Actes :$bune unité ŕ construire$9(OLS)http://semarc/title/375231 LEADER 00657nab a2200145 i 4500 001 000000315098 003 CaOOAMICUS 005 20180831173144.0 008 180831n xx uu u0 0und r 013 $a24187 040 $aSeMil$bita 100 1 $aCorecco, Eugenio,$d<1931-1995>.$0(OLS)http://semarc/name/7188 245 10$aL?origine del potere di giurisdizione episcopale. Aspetti storico-giuridici e metodologico-sistematici della questione. 773 0 $t[Gennaio-Dicembre].$g3-42, 107-141$w()274273 996 $6245$aL?origine del potere di giurisdizione episcopale. Aspetti storico-giuridici e metodologico-sistematici della questione$9(OLS)http://semarc/title/389207